Hoofdsteden naar Letter - A - Statistieken

Algemene statistieken
  • Deze quiz is 58 keer genomen
  • De gemiddelde score is 9 van 16
Antwoordstatistieken
Werelddeel Hoofdstad % Correct
Nederland Amsterdam
82%
Andorra Andorra la Vella
70%
Griekenland Athene
70%
Nigeria Abuja
67%
Turkije Ankara
64%
Paraguay Asuncion
64%
Algerije Algiers
58%
Ghana Accra
55%
Kazachstan Astana
55%
Ethiopië Addis Abeba
52%
Madagaskar Antananarivo
52%
Eritrea Asmara
52%
Verenigde Arabische Emiraten Abu Dhabi
45%
Jordanië Amman
45%
Turkmenistan Asjchabad
45%
Samoa Apia
42%
Geen overeenkomende quizzen gevonden
Scoreverdeling
Procent van Mensen met Elke Score
Percentiel versus Aantal Correcte Antwoorden
Uw Scoregeschiedenis
U heeft deze quiz nog niet genomen